| 000 | 00457nam a2200169Ia 4500 | ||
|---|---|---|---|
| 003 | LK-CoDNM | ||
| 008 | 010623t1975 xxu||||| |||| 00| 1 eng d | ||
| 040 |
_aLK-CoDNM _dLK-CoDNM _eLK-CoDNM |
||
| 041 | _aeng | ||
| 080 | _ax 92 JAM | ||
| 100 |
_aIndrapala, Karthigesu _eed. |
||
| 245 | _aJames Thevathasan Rutnam Felicitation Volume | ||
| 260 |
_bJaffna Archaeological society _aJaffna _c1975 |
||
| 300 | _b158, 29 cm | ||
| 650 | _aBiography | ||
| 942 | _cBK | ||
| 999 |
_c109544 _d109544 |
||